| Поле | Инд. | ПП | Название | Значение |
|---|---|---|---|---|
| Тип записи | a | |||
| Библиографический уровень | b | |||
| 001 | Контрольный номер | RU/IS/BASE/235055407 | ||
| 005 | Дата корректировки | 20200522191126.3 | ||
| 040 | b | Код языка каталог. | rus | |
| e | Правила каталог. | PSBO | ||
| 041 | 0_ | a | Код языка текста | rus |
| 084 | a | Индекс другой классификации/Индекс ББК | 83.3(2=411.2)5 | |
| 100 | 1_ | a | Автор | Омацу Ре |
| 245 | 11 | a | Заглавие | "Случайное семейство" как антитеза "родовому семейству": историческое и современное в русских семействах в 1870-х годах |
| 504 | a | Библиография | Библиогр.: с. 140 | |
| 600 | a | Персоналии | Достоевский Федор Михайлович | |
| 650 | a | Основная рубрика | история литературы | |
| a | Основная рубрика | литературоведение | ||
| a | Основная рубрика | филологические науки | ||
| 653 | a | Ключевые слова | "Подросток" | |
| a | Ключевые слова | XIX век | ||
| a | Ключевые слова | Россия | ||
| a | Ключевые слова | русская литература | ||
| a | Ключевые слова | семейные отношения | ||
| a | Ключевые слова | семья | ||
| a | Ключевые слова | тема "случайного семейства" | ||
| 773 | 0_ | t | Заглавие источника | Вестник Московского университета. Серия 9, Филология |
| d | Дата издания источника | 2007 | ||
| g | Прочая информация | № 1. - С. 135 - 140 | ||
| w | Контрольный № источника | RU/IS/BASE/229700507 | ||
| 901 | t | Тип документа | b |